000 00210 a2200097 4500
001 35075
100 _aAsma Jahangir
245 _aHudood Ordinances
260 _aLahore
_bRohtas Book
_c
090 _c23223
_d23223
942 _aNUST-CAE
_cM
_c14696
999 _c270148
_d270148